000 00500nmm a2200169Ia 4500
008 251105s9999||||xx |||||||||||||||||und||
020 _a9788497426701
041 _aspa
100 _aClaparede, Edouard
245 0 _aLa educación funcional
264 _a[Madrid, España] :
_bBiblioteca Nueva,
_c2007
300 _a221 páginas
490 _aMemoria y crítica de la educación: Serie Clásicos
650 _aEducation
856 _uhttps://public.digitaliapublishing.com/a/6269
942 _cCF
999 _c90334
_d90334